00902 2200301 4500001002100000005001500021007000300036008004100039035002000080040001700100041000800117082001100125084001700136090002100153100003000174245005900204250001200263264003400275300003900309336002100348337003000369338002300399504002400422650001000446700011600456850001000572990001800582INLIS00000000000515020260515013243ta260515 0  a0010-0222000240 aSBPUPADbind1 aind a2X4. 9 a2X4. 9 JML M a2X4. 9 JML M 2 30 aJamal Al-BannaePengarang1 aManifesto Fiqih Baru Memahami Diskursus Al-Qur'an Satu a.-Cet.7 a.--Jakarta :bErlangga,c2010 axxi,210 hal. :billus. ;c15x23 cm 2rdacontentaTeks 2rdamediaaTanpa Perantara 2rdacarrieraVolume aBibliografi,hlm 208 4aAgama0 aeditor,Achmad Ta'yudin Fathurrahman Yahya Sayed Madi , Penerjemah,Hasibullah Satrawi Zuairi MisrawiePenerjemah aPUPAD a13879/BR/2010